| Tag |
First Indicator |
Second Indicator |
Subfields |
| LEADER |
00000cam a2200000 4500 |
| 001 |
in00000029592 |
| 005 |
20151007062842.0 |
| 008 |
720710s1965 nbu 00000 eng u |
| 010 |
|
|
|a 65010544
|
| 035 |
|
|
|a (OCoLC)00351887
|
| 035 |
|
|
|9 AAD5945AM
|
| 040 |
|
|
|c WSU
|d OCL
|d TXA
|d UtOrBLW
|
| 049 |
|
|
|a TXAM
|c [415843]
|
| 050 |
0 |
0 |
|a PR2714
|b .M2 1965
|
| 082 |
0 |
|
|a 822.3
|
| 092 |
|
|
|a 822
|b M629m
|
| 100 |
1 |
|
|a Middleton, Thomas,
|d -1627.
|
| 245 |
1 |
2 |
|a A mad world, my masters /
|c Edited by Standish Henning.
|
| 264 |
|
1 |
|a Lincoln :
|b University of Nebraska Press,
|c [1965]
|
| 300 |
|
|
|a xx, 111 pages ;
|c 21 cm.
|
| 336 |
|
|
|a text
|b txt
|2 rdacontent
|
| 337 |
|
|
|a unmediated
|b n
|2 rdamedia
|
| 338 |
|
|
|a volume
|b nc
|2 rdacarrier
|
| 490 |
1 |
|
|a Regents Renaissance drama series
|
| 700 |
1 |
|
|a Henning, Standish.
|
| 830 |
|
0 |
|a Regents Renaissance drama series.
|
| 999 |
|
|
|a MARS
|
| 999 |
f |
f |
|s c9c3195e-d3cf-3ca4-a37c-a0f07da1b624
|i ccbc1edc-b10c-3303-9819-def47d7613f5
|t 0
|
| 952 |
f |
f |
|p ric
|a Texas A&M University
|b Rellis Campus
|c Joint Library Facility
|d Remote Storage
|t 0
|e PR2714 .M2 1965
|h Library of Congress classification
|i unmediated -- volume
|m A14801298726
|
| 998 |
f |
f |
|a PR2714 .M2 1965
|t 0
|l Remote Storage
|